[Event "Politiken Cup 2007"]
[Site "Helsingor"]
[Date "2007.07.25"]
[Round "7.126"]
[White "Palvig, David Kinch"]
[Black "Braüner, Jonathan"]
[Result "1-0"]
[WhiteElo "1741"]
[BlackElo "1284"]
[PlyCount "107"]
[EventDate "2007.??.??"]

1. d4 Nf6 2. Bf4 d5 3. e3 Nc6 4. Nf3 Bf5 5. Bd3 Bxd3 6. Qxd3 e6 7. Nbd2 Bd6 8.
Bg3 O-O 9. c3 Re8 10. O-O e5 11. dxe5 Nxe5 12. Nxe5 Bxe5 13. Nf3 Bd6 14. Rad1
Qd7 15. Bh4 Rad8 16. Bxf6 gxf6 17. Kh1 Kh8 18. Qxd5 Rg8 19. Qh5 Qe6 20. b3 Rg6
21. Rd4 Rdg8 22. Rh4 h6 23. Rd1 Bf8 24. g3 Bg7 25. Qd5 f5 26. Qxe6 fxe6 27. Rc4
c6 28. Rd7 Rb8 29. Kg2 Kg8 30. Nd4 Kf8 31. Rd6 Kf7 32. Ne2 Ke7 33. Rd3 Rd8 34.
Rxd8 Kxd8 35. Nf4 Rf6 36. Nh5 Rf7 37. Nxg7 Rxg7 38. Rh4 Rh7 39. Kf3 Ke7 40. e4
fxe4+ 41. Kxe4 Kf6 42. Rf4+ Ke7 43. h3 Rg7 44. Rg4 Rxg4+ 45. hxg4 Kf6 46. f3 b6
47. c4 a6 48. b4 b5 49. cxb5 cxb5 50. a3 e5 51. f4 exf4 52. gxf4 Ke6 53. Kd4
Kd6 54. f5 1-0

[Event "Politiken Cup 2007"]
[Site "Helsingor"]
[Date "2007.07.25"]
[Round "7.127"]
[White "Madsen, Tobias Juul"]
[Black "Larsen, Bror Johannes"]
[Result "1-0"]
[WhiteElo "1651"]
[BlackElo "1048"]
[PlyCount "29"]
[EventDate "2007.??.??"]

1. e4 c6 2. d4 d5 3. Nc3 dxe4 4. Nxe4 Nd7 5. Nf3 Ngf6 6. Nxf6+ Nxf6 7. Bd3 c5
8. c3 Bg4 9. Be3 e6 10. Qa4+ Nd7 11. Ne5 Bf5 12. Bb5 Ke7 13. Bxd7 f6 14. dxc5
fxe5 15. Bg5+ 1-0

[Event "Politiken Cup 2007"]
[Site "Helsingor"]
[Date "2007.07.25"]
[Round "7.128"]
[White "Lindgaard, Tobias S"]
[Black "Christensen, Christoffer E"]
[Result "1-0"]
[WhiteElo "1244"]
[BlackElo "1581"]
[PlyCount "51"]
[EventDate "2007.??.??"]

1. c4 e6 2. d4 d5 3. Nc3 Nf6 4. Nf3 c6 5. e3 Nbd7 6. Bd3 Bd6 7. O-O O-O 8. Re1
e5 9. cxd5 cxd5 10. dxe5 Nxe5 11. Nxe5 Bxe5 12. Bd2 Be6 13. f4 Bd6 14. f5 Bd7
15. e4 Bc5+ 16. Kh1 dxe4 17. Nxe4 Nxe4 18. Bxe4 Rb8 19. Bc3 Bc6 20. Qg4 f6 21.
Bxc6 bxc6 22. Rad1 Qb6 23. Rd7 Rf7 24. Qc4 Rbf8 25. Re8 Be7 26. Rdxe7 1-0

[Event "Politiken Cup 2007"]
[Site "Helsingor"]
[Date "2007.07.25"]
[Round "7.129"]
[White "Zmylon, Frederik Nielsen"]
[Black "Olafsson, Olafur Senior"]
[Result "0-1"]
[WhiteElo "1174"]
[BlackElo "1500"]
[PlyCount "108"]
[EventDate "2007.??.??"]

1. e4 e5 2. Bc4 d6 3. Nf3 Bg4 4. d3 Be7 5. Nc3 c6 6. h3 Bh5 7. g4 Bg6 8. d4 Nd7
9. h4 h6 10. h5 Bh7 11. dxe5 dxe5 12. Be3 Ngf6 13. Qd3 Qc7 14. g5 Ng4 15. gxh6
Nxh6 16. Bxh6 gxh6 17. Qe3 O-O-O 18. Qxa7 Qb6 19. Qxb6 Nxb6 20. Bxf7 Rhf8 21.
Be6+ Kc7 22. Bg4 Nc4 23. b3 Na3 24. Rc1 Bb4 25. Ke2 Bxc3 26. Rhd1 Bxe4 27. Ke3
Bxf3 28. Bxf3 Rxd1 29. Rxd1 Nxc2+ 30. Kd3 Bd4 31. Kxc2 Rxf3 32. Rg1 Rxf2+ 33.
Kb1 Rb2+ 34. Kc1 Bxg1 35. Kxb2 Kd6 36. Kc3 Kd5 37. Kd3 Ba7 38. a4 e4+ 39. Ke2
Kd4 40. Kd2 e3+ 41. Ke2 Ke4 42. Kd1 Kf3 43. Ke1 Kg4 44. Kf1 Kxh5 45. Ke2 Kg4
46. Kf1 Kg3 47. Ke2 h5 48. Kf1 h4 49. Ke2 Kg2 50. Ke1 h3 51. Ke2 h2 52. Ke1
h1=Q+ 53. Ke2 Qc1 54. b4 Qd2# 0-1

[Event "Politiken Cup 2007"]
[Site "Helsingor"]
[Date "2007.07.25"]
[Round "7.130"]
[White "Gasenova, Ulker"]
[Black "Lynge, Torben"]
[Result "0-1"]
[WhiteElo "1400"]
[BlackElo "1920"]
[PlyCount "92"]
[EventDate "2007.??.??"]

1. e4 c6 2. Nf3 d5 3. exd5 cxd5 4. d4 Nc6 5. Bb5 Bd7 6. Nc3 e6 7. a3 Nf6 8.
Bxc6 Bxc6 9. O-O Bd6 10. Bg5 h6 11. Bh4 Qc7 12. Qd2 Ne4 13. Qe3 Bf4 14. Qe1 g5
15. Bg3 g4 16. Bxf4 Qxf4 17. Ne2 Qf6 18. Nd2 Ng5 19. f3 gxf3 20. Nxf3 Qg6 21.
Qg3 Rg8 22. Nxg5 hxg5 23. Rf2 O-O-O 24. Raf1 f5 25. h3 Bb5 26. Re1 Qh6 27. Qc3+
Kb8 28. Qa5 Bd7 29. Qc3 Rc8 30. Qd3 Ka8 31. Nc3 g4 32. Qe3 Qh4 33. Rf4 Qh5 34.
Kh2 gxh3 35. Qxh3 Qg5 36. g3 a6 37. Re5 Qf6 38. Kg1 Rg7 39. Rh4 Ka7 40. Rh6 Qg5
41. Kf2 Qd2+ 42. Re2 Qxd4+ 43. Kf1 f4 44. Rh4 Rf8 45. Rf2 e5 46. Ne2 Bxh3+ 0-1

[Event "Politiken Cup 2007"]
[Site "Helsingor"]
[Date "2007.07.25"]
[Round "7.131"]
[White "Hlynsson, Hugi"]
[Black "Nielsen, Bjørn"]
[Result "0-1"]
[WhiteElo "1560"]
[BlackElo "1110"]
[PlyCount "196"]
[EventDate "2007.??.??"]

1. f4 d5 2. Nf3 e6 3. e3 Nf6 4. d4 Nbd7 5. Bd3 Be7 6. O-O O-O 7. Qe1 Nb6 8.
Nbd2 Bd7 9. c3 Nc8 10. e4 dxe4 11. Nxe4 Nd6 12. Nfg5 Ndxe4 13. Nxe4 Nxe4 14.
Qxe4 f5 15. Qxb7 Qb8 16. Qxb8 Raxb8 17. Re1 Rf7 18. Bc4 Bd6 19. b3 Rf6 20. Bd2
Kf7 21. g3 Re8 22. Re3 Bc6 23. Kf1 h6 24. a4 Be4 25. b4 g5 26. fxg5 hxg5 27.
Be2 g4 28. Kg1 Rh8 29. Bxg4 Bd5 30. Bd1 Rfh6 31. Re2 R6h7 32. Bf4 Bxf4 33. gxf4
Rg8+ 34. Kf1 Bc4 35. Ke1 Bxe2 36. Bxe2 Rxh2 37. Kd2 Rgg2 38. Re1 Rf2 39. Ke3
Rfg2 40. Kd2 Rf2 41. Ke3 Rfg2 42. Kd2 Rg3 43. Rf1 Rhh3 44. Rc1 Rh2 45. Rf1 Rhg2
46. Rh1 Rg7 47. Rf1 Ke7 48. Ke3 R7g3+ 49. Kd2 Rh2 50. Re1 Kd6 51. Rb1 Rgg2 52.
Re1 Kd5 53. Kd3 Rg3+ 54. Kd2 Ke4 55. Rf1 Rgg2 56. Re1 Kxf4 57. Kd1 Rf2 58. Bc4
Rd2+ 59. Kc1 Rc2+ 60. Kb1 Rhd2 61. Rf1+ Kg3 62. Bxe6 Rxc3 63. Bxf5 Rxd4 64. Kb2
Rcc4 65. Rg1+ Kf2 66. Rg7 Rxb4+ 67. Kc3 Rdc4+ 68. Kd2 Rxa4 69. Rf7 Rf4 70. Kd3
Ra3+ 71. Kd2 Ra5 72. Kd3 Rfxf5 73. Rxc7 Ra4 74. Rc2+ Kf3 75. Rc3 Rd5+ 76. Kc2+
Ke2 77. Kc1 a5 78. Kb2 Rb5+ 79. Kc2 Ra2+ 80. Kc1 a4 81. Rh3 Ra1+ 82. Kc2 Rbb1
83. Rh2+ Kf3 84. Rh3+ Kg4 85. Rh7 a3 86. Ra7 Rb8 87. Ra4+ Kf3 88. Ra7 a2 89.
Rf7+ Ke4 90. Ra7 Kd4 91. Ra4+ Kc5 92. Ra7 Kb5 93. Ra3 Kc4 94. Ra7 Rbb1 95. Ra4+
Kb5 96. Ra8 Rc1+ 97. Kb2 Rab1+ 98. Kxa2 Ra1+ 0-1

[Event "Politiken Cup 2007"]
[Site "Helsingor"]
[Date "2007.07.25"]
[Round "7.132"]
[White "Edwardsson, Hannu Kalervo"]
[Black "Nielsen, Poul Bang"]
[Result "0-1"]
[WhiteElo "1300"]
[BlackElo "1506"]
[PlyCount "60"]
[EventDate "2007.??.??"]

1. e4 c5 2. c4 Nc6 3. Nf3 g6 4. Be2 Bg7 5. O-O b6 6. d3 Bb7 7. a3 e6 8. Qc2 Qc7
9. Nc3 a6 10. Rb1 Nd4 11. Nxd4 cxd4 12. Na2 Ne7 13. Bd2 O-O 14. Qc1 f5 15. f3
f4 16. Bb4 d6 17. Bd2 g5 18. b4 Rf6 19. c5 b5 20. cxd6 Qxd6 21. Qb2 e5 22. Rbc1
Rh6 23. Rc2 Qg6 24. Rfc1 Qh5 25. h3 Bc8 26. Rc7 Bf6 27. Qb3+ Kf8 28. R1c5 Bxh3
29. gxh3 Qxh3 30. Kf2 Qg3+ 0-1

[Event "Politiken Cup 2007"]
[Site "Helsingor"]
[Date "2007.07.25"]
[Round "7.133"]
[White "Hrafnkelsson, Gisli"]
[Black "Brandt, Jan-Erik"]
[Result "1/2-1/2"]
[WhiteElo "1505"]
[BlackElo "1000"]
[PlyCount "92"]
[EventDate "2007.??.??"]

1. e4 e5 2. Nf3 d6 3. Bc4 h6 4. Nc3 Nf6 5. O-O Be7 6. d3 Bg4 7. Nd5 O-O 8.
Nxe7+ Qxe7 9. c3 c5 10. h3 Bh5 11. Qe2 Nh7 12. Qe3 Kh8 13. d4 Nd7 14. Nh2 Ndf6
15. dxc5 dxc5 16. Bd5 Rad8 17. c4 Ng5 18. f3 Ne6 19. Qc3 Nd4 20. Re1 b6 21. a3
Bg6 22. b4 Nh5 23. b5 Ng3 24. Qd3 Qh4 25. Be3 h5 26. Bf2 f5 27. exf5 Bxf5 28.
Be4 Qg5 29. Bxg3 Qxg3 30. Bxf5 Nxf5 31. Qe2 Rfe8 32. f4 Nh4 33. Qxh5+ Kg8 34.
Qg4 exf4 35. Qxg3 fxg3 36. Nf1 Nf5 37. Rad1 Kf7 38. Rxe8 Rxe8 39. Rd5 Ne3 40.
Nxe3 Rxe3 41. Rf5+ Kg8 42. Rf3 Re1+ 43. Rf1 Re3 44. Rf3 Re1+ 45. Rf1 Re3 46.
Rf3 Re1+ 1/2-1/2

[Event "Politiken Cup 2007"]
[Site "Helsingor"]
[Date "2007.07.25"]
[Round "7.134"]
[White "Hinman, Chris"]
[Black "Percivaldi, Martin"]
[Result "1-0"]
[WhiteElo "1478"]
[BlackElo "1000"]
[PlyCount "65"]
[EventDate "2007.??.??"]

1. c4 e5 2. g3 c5 3. Bg2 Nc6 4. e3 Nf6 5. Nc3 d6 6. Nge2 Bg4 7. f3 Bf5 8. e4
Be6 9. d3 Nd4 10. O-O Be7 11. Be3 Qb6 12. Qd2 O-O 13. f4 Ng4 14. Bxd4 cxd4 15.
Nd1 f5 16. h3 Nh6 17. Nf2 Nf7 18. exf5 Bxf5 19. Bd5 Kh8 20. Kh2 g5 21. g4 Bd7
22. f5 Bc6 23. Bxc6 Qxc6 24. Ne4 Nh6 25. f6 Bd8 26. Qxg5 Qc7 27. Qxh6 Qf7 28.
Rf5 Rg8 29. Raf1 Rg6 30. Qh4 Bc7 31. Ng5 Qd7 32. f7 Rf8 33. Qxh7# 1-0

[Event "Politiken Cup 2007"]
[Site "Helsingor"]
[Date "2007.07.25"]
[Round "7.135"]
[White "Kristensen, Steffen Michael"]
[Black "Gade, Jens"]
[Result "0-1"]
[WhiteElo "1250"]
[BlackElo "1462"]
[PlyCount "38"]
[EventDate "2007.??.??"]

1. d4 d5 2. c4 dxc4 3. e3 Nf6 4. Bxc4 e6 5. Nf3 Be7 6. O-O O-O 7. Nc3 c5 8. Bd3
Nc6 9. Bd2 cxd4 10. exd4 Nxd4 11. Ng5 h6 12. Nce4 hxg5 13. Nxf6+ Bxf6 14. Qh5
Nf5 15. g4 Nh6 16. Bb4 Qxd3 17. Bxf8 Kxf8 18. Rad1 Qf3 19. h3 b6 0-1

[Event "Politiken Cup 2007"]
[Site "Helsingor"]
[Date "2007.07.25"]
[Round "7.136"]
[White "Olafsson, Olafur Junior"]
[Black "Larsen, Alex"]
[Result "1/2-1/2"]
[WhiteElo "1300"]
[BlackElo "1336"]
[PlyCount "36"]
[EventDate "2007.??.??"]

1. e4 c5 2. Nf3 Nc6 3. d4 cxd4 4. Nxd4 Nf6 5. Nc3 a6 6. Be3 e5 7. Nxc6 bxc6 8.
a3 Qc7 9. Bc4 Be7 10. O-O O-O 11. Qf3 d6 12. h3 Be6 13. Qe2 d5 14. exd5 cxd5
15. Bb3 d4 16. Bxe6 fxe6 17. Bxd4 exd4 18. Qxe6+ Kh8 1/2-1/2

[Event "Politiken Cup 2007"]
[Site "Helsingor"]
[Date "2007.07.26"]
[Round "8.4"]
[White "Rasmussen, Allan Stig"]
[Black "Khenkin, Igor"]
[Result "1/2-1/2"]
[WhiteElo "2450"]
[BlackElo "2602"]
[PlyCount "84"]
[EventDate "2007.??.??"]

1. e4 c6 2. d4 d5 3. Nc3 dxe4 4. Nxe4 Bf5 5. Ng3 Bg6 6. h4 h6 7. Nf3 Nd7 8. h5
Bh7 9. Bd3 Bxd3 10. Qxd3 e6 11. Bf4 Qa5+ 12. Bd2 Bb4 13. c3 Be7 14. c4 Qc7 15.
Ne4 Ngf6 16. O-O-O b5 17. Nxf6+ Nxf6 18. Ne5 bxc4 19. Qxc4 O-O 20. g4 Nd5 21.
Kb1 c5 22. Rc1 Rfc8 23. f4 Qb7 24. g5 Rab8 25. b3 cxd4 26. Qxd4 Ba3 27. Rxc8+
Rxc8 28. Re1 Qc7 29. Nc4 Bc5 30. Qe4 hxg5 31. fxg5 Qh2 32. Qf3 Qf2 33. Qxf2
Bxf2 34. Re4 Bg3 35. Kb2 Kf8 36. Ne3 Bf4 37. Nc4 Bxd2 38. Nxd2 Rc3 39. Ra4 Rh3
40. Rxa7 Rh2 41. Ra8+ Ke7 42. Ra7+ Kf8 1/2-1/2

[Event "Politiken Cup 2007"]
[Site "Helsingor"]
[Date "2007.07.26"]
[Round "8.5"]
[White "Zude, Erik Dr"]
[Black "Nyback, Tomi"]
[Result "0-1"]
[WhiteElo "2399"]
[BlackElo "2567"]
[PlyCount "39"]
[EventDate "2007.??.??"]

1. d4 Nf6 2. c4 g6 3. Nc3 d5 4. Nf3 Bg7 5. Bf4 O-O 6. Rc1 dxc4 7. e3 c5 8. dxc5
Qa5 9. Bxc4 Qxc5 10. Bb3 Nc6 11. O-O Qa5 12. h3 Qa6 13. Bg5 Bf5 14. Bxf6 Bxf6
15. Nd5 Rad8 16. Bc4 b5 17. Bb3 Be4 18. Qd2 Bxd5 19. Bxd5 Nb8 20. Rc7 0-1

[Event "Politiken Cup 2007"]
[Site "Helsingor"]
[Date "2007.07.26"]
[Round "8.6"]
[White "Agrest, Evgenij"]
[Black "Thorfinnsson, Bragi"]
[Result "1-0"]
[WhiteElo "2541"]
[BlackElo "2389"]
[PlyCount "173"]
[EventDate "2007.??.??"]

1. d4 d5 2. Nf3 Nf6 3. c4 c6 4. Qb3 dxc4 5. Qxc4 Bf5 6. g3 e6 7. Bg2 Nbd7 8.
Nc3 Be7 9. O-O O-O 10. Re1 Bg6 11. Bf4 Rc8 12. Qb3 Qb6 13. e4 h6 14. h3 Rfd8
15. Rad1 Qxb3 16. axb3 Bb4 17. Nd2 c5 18. Bd6 Nb6 19. Bxc5 Bxc5 20. dxc5 Rxc5
21. Nf1 Rcc8 22. Ne3 Nfd7 23. Nb5 Nc5 24. Nd6 Rc7 25. b4 Nca4 26. Nb5 Rcd7 27.
Rxd7 Rxd7 28. b3 Nb2 29. Nxa7 Nd3 30. Ra1 Nxb4 31. Ra5 Nc6 32. Nxc6 bxc6 33.
Ra6 Rb7 34. Nc4 Nxc4 35. bxc4 Rb1+ 36. Kh2 Rb2 37. f3 c5 38. Rc6 h5 39. Rc8+
Kh7 40. Rxc5 Rc2 41. Kg1 f6 42. h4 e5 43. Rc7 f5 44. Rc5 Rc1+ 45. Kh2 fxe4 46.
fxe4 Rc2 47. Kg1 Rc1+ 48. Bf1 Bxe4 49. Kf2 Bf5 50. Rxe5 g6 51. Re7+ Kh6 52. Be2
Rc3 53. Rc7 Be4 54. Rf7 Bf5 55. Re7 Bb1 56. Re3 Rc1 57. Ra3 Bf5 58. Ke3 Re1 59.
Kd2 Rg1 60. Re3 Kg7 61. Bd3 Bg4 62. c5 Kf6 63. c6 Ra1 64. Bc4 Ra5 65. Bd3 Rc5
66. Be4 g5 67. hxg5+ Kxg5 68. Kd3 h4 69. gxh4+ Kxh4 70. Kd4 Rc1 71. Ke5 Kg5 72.
Bd5 Bc8 73. Kd6 Kf6 74. Re8 Bf5 75. Rf8+ Kg6 76. c7 Bh3 77. Rg8+ Kf6 78. Rh8
Bg4 79. Rf8+ Kg6 80. Rg8+ Kh5 81. Rg7 Bc8 82. Bf3+ Kh6 83. Rg8 Bf5 84. Bg4 Rg1
85. Rh8+ Kg7 86. Bxf5 Rd1+ 87. Ke5 1-0

[Event "Politiken Cup 2007"]
[Site "Helsingor"]
[Date "2007.07.26"]
[Round "8.7"]
[White "Lie, Kjetil A"]
[Black "Bulski, Krzysztof"]
[Result "1-0"]
[WhiteElo "2536"]
[BlackElo "2396"]
[PlyCount "51"]
[EventDate "2007.??.??"]

1. e4 c5 2. Nf3 d6 3. d4 Nf6 4. Nc3 cxd4 5. Nxd4 a6 6. Bg5 e6 7. f4 Qb6 8. Qd2
Nc6 9. Bxf6 gxf6 10. Nb3 Bd7 11. Be2 h5 12. O-O-O O-O-O 13. Kb1 Kb8 14. h4 Na5
15. Rh3 Nxb3 16. axb3 Be7 17. Rd3 Bc6 18. Bf3 Qa5 19. f5 Rh7 20. Qf2 Rc8 21. e5
dxe5 22. Bxc6 Rxc6 23. Rd7 Rc7 24. Qg3 Rh8 25. fxe6 Rhc8 26. Nd5 1-0

[Event "Politiken Cup 2007"]
[Site "Helsingor"]
[Date "2007.07.26"]
[Round "8.8"]
[White "Bae, Torstein"]
[Black "Schandorff, Lars"]
[Result "1/2-1/2"]
[WhiteElo "2364"]
[BlackElo "2521"]
[PlyCount "41"]
[EventDate "2007.??.??"]

1. e4 e5 2. Nf3 Nc6 3. Bb5 a6 4. Ba4 Nf6 5. O-O Be7 6. Re1 b5 7. Bb3 d6 8. a3
O-O 9. c3 Rb8 10. d3 h6 11. Nbd2 Nh7 12. Nf1 Ng5 13. h3 Nxf3+ 14. Qxf3 Bg5 15.
Ne3 Be6 16. Ba2 a5 17. b4 axb4 18. axb4 Ra8 19. Nd5 Bxc1 20. Rexc1 Ne7 21.
Nxe7+ 1/2-1/2

[Event "Politiken Cup 2007"]
[Site "Helsingor"]
[Date "2007.07.26"]
[Round "8.10"]
[White "Blomqvist, Erik"]
[Black "Rohit, G."]
[Result "0-1"]
[WhiteElo "2313"]
[BlackElo "2470"]
[PlyCount "76"]
[EventDate "2007.??.??"]

1. e4 c5 2. Nf3 e6 3. d4 cxd4 4. Nxd4 a6 5. Bd3 g6 6. c4 Bg7 7. Nb3 Nc6 8. Nc3
Nge7 9. O-O O-O 10. Bg5 h6 11. Bh4 d6 12. Qd2 a5 13. Rad1 a4 14. Nc1 Qa5 15.
N1e2 d5 16. cxd5 exd5 17. exd5 Nxd5 18. Nxd5 Qxd5 19. Bb1 Qc4 20. Bg3 Rd8 21.
Qe3 Bg4 22. f3 Re8 23. Qf4 Be6 24. Rfe1 Qb5 25. Nc3 Qxb2 26. Ne4 Bf5 27. Kh1
Nd4 28. Nd6 Rxe1+ 29. Rxe1 g5 30. Qc1 Qxc1 31. Rxc1 Ne2 32. Re1 Bxb1 33. Rxb1
Rd8 34. Nxb7 Rd2 35. a3 Bf8 36. Be1 Ra2 37. Bb4 Bxb4 38. axb4 a3 0-1

[Event "Politiken Cup 2007"]
[Site "Helsingor"]
[Date "2007.07.26"]
[Round "8.11"]
[White "Nielsen, Peter Heine"]
[Black "Nithander, Victor"]
[Result "1-0"]
[WhiteElo "2637"]
[BlackElo "2357"]
[PlyCount "83"]
[EventDate "2007.??.??"]

1. d4 Nf6 2. c4 g6 3. g3 Bg7 4. Bg2 O-O 5. Nc3 d6 6. Nf3 Nc6 7. O-O a6 8. d5
Na5 9. Nd2 c5 10. Qc2 Rb8 11. b3 b5 12. Rb1 Bf5 13. e4 Bd7 14. Bb2 bxc4 15.
bxc4 Bh6 16. f4 e5 17. Ne2 exf4 18. gxf4 Ng4 19. Qd3 f5 20. Bc3 Rxb1 21. Rxb1
fxe4 22. Nxe4 Bf5 23. h3 Nf6 24. Nxf6+ Rxf6 25. Be4 Rf7 26. Bxf5 gxf5 27. Ng3
Bxf4 28. Bxa5 Qxa5 29. Rb8+ Kg7 30. Nh5+ Kh6 31. Nxf4 Qe1+ 32. Qf1 Rg7+ 33. Ng2
Qe4 34. Rb3 f4 35. Rf3 Rg5 36. Kh2 Qc2 37. Rxf4 Qxa2 38. Rf6+ Rg6 39. Qf4+ Kg7
40. Rxg6+ hxg6 41. Qxd6 Qa1 42. Qe7+ 1-0

[Event "Politiken Cup 2007"]
[Site "Helsingor"]
[Date "2007.07.26"]
[Round "8.12"]
[White "Stripunsky, Alexander"]
[Black "Rasmussen, Casper"]
[Result "1-0"]
[WhiteElo "2589"]
[BlackElo "2351"]
[PlyCount "105"]
[EventDate "2007.??.??"]

1. e4 e5 2. Nf3 Nf6 3. Nxe5 d6 4. Nf3 Nxe4 5. d4 d5 6. Bd3 Nc6 7. O-O Be7 8. c4
Nb4 9. cxd5 Nxd3 10. Qxd3 Qxd5 11. Re1 Bf5 12. Nc3 Nxc3 13. Qxc3 Rc8 14. Bh6
gxh6 15. Re5 Qd7 16. Rae1 O-O 17. Rxe7 Qd6 18. R7e5 Bg6 19. Qe3 Kg7 20. Qc3 b6
21. b4 Rfd8 22. h3 Qf6 23. Nh2 h5 24. Nf1 c5 25. bxc5 bxc5 26. dxc5 Rd5 27. Qe3
Rdxc5 28. Qxc5 Rxc5 29. Rxc5 Qb6 30. Rce5 Qa6 31. Ng3 h4 32. Nf5+ Bxf5 33. Rxf5
Qxa2 34. Rg5+ Kf6 35. Rc5 a5 36. Rcc1 a4 37. Ra1 Qd2 38. Re3 Qc2 39. Rea3 Kg6
40. Rxa4 f6 41. Rxh4 Qc3 42. Rf1 h5 43. g3 Qc8 44. Kh2 Qa6 45. Re1 Qa5 46. Re3
Qd2 47. Rf3 Qe2 48. Kg2 Qc2 49. Rhf4 Kg7 50. h4 Qc6 51. Rxf6 Qe4 52. Rf7+ Kg6
53. Kh2 1-0

[Event "Politiken Cup 2007"]
[Site "Helsingor"]
[Date "2007.07.26"]
[Round "8.13"]
[White "Olsson, Linus"]
[Black "Godena, Michele"]
[Result "0-1"]
[WhiteElo "2377"]
[BlackElo "2547"]
[PlyCount "84"]
[EventDate "2007.??.??"]

1. Nf3 d5 2. d4 Nf6 3. c4 c6 4. Nc3 e6 5. Bg5 h6 6. Bh4 dxc4 7. e4 g5 8. Bg3 b5
9. Be2 Bb7 10. h4 g4 11. Ne5 Nbd7 12. Nxg4 Nh5 13. Be5 Nxe5 14. Nxe5 Nf4 15.
Bh5 Nxh5 16. Qxh5 Qc7 17. O-O Bg7 18. a4 b4 19. Ne2 c5 20. Nxc4 Ba6 21. Rac1
cxd4 22. Qg4 Kf8 23. Nf4 Rd8 24. b3 h5 25. Qf3 Rh6 26. Nxh5 Bh8 27. Rfd1 d3 28.
Nf4 Bc3 29. Qg3 Qe7 30. Nxd3 Bxc4 31. bxc4 Qxh4 32. Qxh4 Rxh4 33. f3 Bd4+ 34.
Nf2 e5 35. c5 b3 36. c6 b2 37. c7 Rc8 38. Rc2 Rh6 39. Rb1 Rb6 40. Kf1 Rb7 41.
Nd3 Rcxc7 42. Rd2 Rc4 0-1

[Event "Politiken Cup 2007"]
[Site "Helsingor"]
[Date "2007.07.26"]
[Round "8.14"]
[White "Christensen, Stefan"]
[Black "Holzke, Frank"]
[Result "0-1"]
[WhiteElo "2301"]
[BlackElo "2489"]
[PlyCount "104"]
[EventDate "2007.??.??"]

1. e4 e5 2. Nf3 Nc6 3. Bb5 a6 4. Ba4 Nf6 5. O-O Nxe4 6. d4 b5 7. Bb3 d5 8. dxe5
Be6 9. Nbd2 Be7 10. c3 Nc5 11. Bc2 Bg4 12. Re1 O-O 13. Nb3 Ne6 14. Qd3 g6 15.
Nfd4 Nexd4 16. Nxd4 Nxd4 17. cxd4 c5 18. dxc5 Bxc5 19. Bb3 Bf5 20. Qg3 Qb6 21.
Bg5 d4 22. Bf6 Rfe8 23. Qf4 Ra7 24. Rad1 Rd7 25. g4 Be6 26. Rd3 Bxb3 27. axb3
Be7 28. g5 h5 29. e6 Bxf6 30. exf7+ Kxf7 31. Rxe8 Kxe8 32. gxf6 Kf7 33. Rf3 Qc6
34. Rd3 Qxf6 35. Qe4 Kg7 36. Rf3 Qd6 37. Rd3 Qd5 38. Qe8 Rc7 39. Rd1 d3 40. Qe3
Rd7 41. Qe8 b4 42. Re1 Rf7 43. Qe5+ Qxe5 44. Rxe5 Rd7 45. Re1 Kf6 46. f3 d2 47.
Rd1 Kf5 48. Kf2 Kf4 49. Ke2 g5 50. Kf2 g4 51. fxg4 hxg4 52. Ke2 Ke4 0-1

[Event "Politiken Cup 2007"]
[Site "Helsingor"]
[Date "2007.07.26"]
[Round "8.15"]
[White "Cmilyte, Viktorija"]
[Black "Tuominen, Risto"]
[Result "0-1"]
[WhiteElo "2467"]
[BlackElo "2272"]
[PlyCount "126"]
[EventDate "2007.??.??"]

1. d4 Nf6 2. c4 e6 3. Nf3 b6 4. a3 c5 5. d5 Ba6 6. Qa4 Bb7 7. Nc3 exd5 8. cxd5
Nxd5 9. Nxd5 Bxd5 10. e4 Qe7 11. Bd3 Bc6 12. Qc2 c4 13. Qxc4 d5 14. Qc3 dxe4
15. O-O Qc5 16. Re1 Qxc3 17. bxc3 f5 18. Nd4 Bc5 19. Bc4 Bxd4 20. cxd4 Nd7 21.
Be6 Rf8 22. Bb2 Ke7 23. d5 Nf6 24. Rac1 Bxd5 25. Bxf5 g6 26. Bh3 Rf7 27. f3 Re8
28. Rcd1 Be6 29. Bxe6 Kxe6 30. fxe4 Rc8 31. Re2 Ng4 32. e5 Rc6 33. h3 Nh6 34.
Rd3 Rd7 35. Rf3 Rf7 36. Rd3 Rd7 37. Rxd7 Kxd7 38. g4 Ke6 39. Rf2 Ke7 40. Kg2
Nf7 41. a4 Re6 42. Re2 Rc6 43. Kg3 Ke6 44. Rf2 Ng5 45. Rf4 Rc2 46. Rb4 Rd2 47.
h4 Rd3+ 48. Kf2 Nf7 49. Rb5 Nd8 50. h5 gxh5 51. gxh5 Nc6 52. Bc1 Rd4 53. Rb3
Rxa4 54. Rg3 Nxe5 55. Bd2 Ng4+ 56. Ke2 b5 57. Rc3 Ra2 58. Rc6+ Kd5 59. Rc7 Nf6
60. h6 Ne4 61. Rxh7 Rxd2+ 62. Ke3 Rh2 63. Rd7+ Nd6 0-1

[Event "Politiken Cup 2007"]
[Site "Helsingor"]
[Date "2007.07.26"]
[Round "8.16"]
[White "Kjartansson, Gudmundur"]
[Black "Thorhallsson, Throstur"]
[Result "1/2-1/2"]
[WhiteElo "2306"]
[BlackElo "2461"]
[PlyCount "42"]
[EventDate "2007.??.??"]

1. e4 c5 2. Nf3 Nc6 3. d4 cxd4 4. Nxd4 Qb6 5. Nb3 Nf6 6. Nc3 e6 7. Bd3 a6 8.
O-O Be7 9. a4 Qc7 10. a5 Ne5 11. Be2 d6 12. f4 Ned7 13. Be3 O-O 14. Bf3 Rb8 15.
Na4 Nc5 16. e5 Nfd7 17. Nbxc5 Nxc5 18. Nxc5 dxc5 19. Qe2 Bd7 20. c4 Bc6 21. Bd2
Rbd8 1/2-1/2

[Event "Politiken Cup 2007"]
[Site "Helsingor"]
[Date "2007.07.26"]
[Round "8.17"]
[White "Ivanov, Mikhail M"]
[Black "Hirneise, Tobias"]
[Result "0-1"]
[WhiteElo "2455"]
[BlackElo "2293"]
[PlyCount "64"]
[EventDate "2007.??.??"]

1. d4 Nf6 2. c4 g6 3. Nc3 Bg7 4. e4 d6 5. h3 O-O 6. Bg5 c6 7. Nge2 e5 8. d5 a5
9. g4 Na6 10. Ng3 Nc5 11. Qf3 a4 12. Rg1 h6 13. Bd2 Nh7 14. Be2 Bd7 15. Qg2 Rb8
16. Nd1 cxd5 17. cxd5 Qb6 18. Qf1 Nf6 19. f3 Ne8 20. Rb1 Nc7 21. Nc3 Qa7 22.
Qg2 Kh7 23. h4 b5 24. g5 b4 25. Nd1 h5 26. Nxh5 gxh5 27. g6+ Kg8 28. gxf7+ Rxf7
29. Bh6 Ne8 30. Qg6 Rf6 31. Qxf6 Nd3+ 32. Kf1 Bh3+ 0-1

[Event "Politiken Cup 2007"]
[Site "Helsingor"]
[Date "2007.07.26"]
[Round "8.18"]
[White "Teplyi, Igor"]
[Black "Skytte, Rasmus"]
[Result "1/2-1/2"]
[WhiteElo "2250"]
[BlackElo "2416"]
[PlyCount "36"]
[EventDate "2007.??.??"]

1. Nf3 b6 2. c4 Bb7 3. Nc3 e6 4. g3 f5 5. Bg2 Nf6 6. O-O Bb4 7. Qc2 O-O 8. a3
Bxc3 9. Qxc3 Qe8 10. b4 Nc6 11. Bb2 Ne7 12. d3 Qh5 13. e4 fxe4 14. Ne5 Rad8 15.
dxe4 d6 16. Nd3 e5 17. Rae1 Nc6 18. Qc2 Bc8 1/2-1/2

[Event "Politiken Cup 2007"]
[Site "Helsingor"]
[Date "2007.07.26"]
[Round "8.19"]
[White "Hammer, Jon Ludvig"]
[Black "Skovgaard, Peter"]
[Result "1-0"]
[WhiteElo "2412"]
[BlackElo "2256"]
[PlyCount "73"]
[EventDate "2007.??.??"]

1. e4 c5 2. Nf3 d6 3. d4 cxd4 4. Nxd4 Nf6 5. Nc3 a6 6. Bg5 e6 7. f4 Qc7 8. Qf3
b5 9. O-O-O b4 10. Nd5 exd5 11. Bxf6 gxf6 12. exd5 Bg7 13. Bd3 f5 14. Rhe1+ Kf8
15. Qe3 Qd8 16. Bxf5 Rg8 17. Bxc8 Bxd4 18. Rxd4 Qxc8 19. Qe7+ Kg7 20. Qg5+ Kh8
21. Qf6+ Rg7 22. Rc4 Qf8 23. Qf5 Rg8 24. Rc7 Qg7 25. Rxf7 Qg6 26. Qxg6 Rxg6 27.
Re8+ Rg8 28. Rff8 Rxf8 29. Rxf8+ Kg7 30. Rc8 Kf7 31. g4 Ke7 32. Rh8 Kd7 33.
Rxh7+ Kc8 34. g5 Nd7 35. Rh8+ Kb7 36. Rxa8 Kxa8 37. h4 1-0

[Event "Politiken Cup 2007"]
[Site "Helsingor"]
[Date "2007.07.26"]
[Round "8.21"]
[White "Ziska, Helgi Dam"]
[Black "Coleman, Teddy"]
[Result "1-0"]
[WhiteElo "2408"]
[BlackElo "2248"]
[PlyCount "79"]
[EventDate "2007.??.??"]

1. e4 c5 2. Nf3 e6 3. d3 d5 4. Nbd2 Nc6 5. g3 g6 6. Bg2 Bg7 7. O-O Nf6 8. Re1
O-O 9. c3 a5 10. Qc2 a4 11. Nf1 b5 12. e5 Ng4 13. Bf4 f6 14. d4 cxd4 15. cxd4
Qb6 16. h3 Nh6 17. Qd2 Nf5 18. Rad1 g5 19. exf6 Bxf6 20. Bxg5 Nfxd4 21. N1h2
Nxf3+ 22. Nxf3 Bg7 23. Be3 Qa5 24. Qc2 Bd7 25. Ng5 Rf5 26. g4 Rxg5 27. Bxg5 Rc8
28. Qd2 Qxd2 29. Rxd2 a3 30. bxa3 Bc3 31. Rc1 Bxd2 32. Bxd2 Ra8 33. f4 Rxa3 34.
f5 Kf7 35. fxe6+ Kxe6 36. Re1+ Kf6 37. Rf1+ Ke6 38. Re1+ Kf6 39. Bc1 Rd3 40.
Bf1 1-0

[Event "Politiken Cup 2007"]
[Site "Helsingor"]
[Date "2007.07.26"]
[Round "8.22"]
[White "Thomassen, Joachim"]
[Black "Lund, Esben"]
[Result "1/2-1/2"]
[WhiteElo "2075"]
[BlackElo "2396"]
[PlyCount "48"]
[EventDate "2007.??.??"]

1. d4 Nf6 2. c4 e6 3. Nf3 c5 4. g3 cxd4 5. Nxd4 d5 6. Bg2 e5 7. Nf3 d4 8. O-O
Nc6 9. e3 Bc5 10. exd4 exd4 11. Re1+ Be6 12. Ng5 O-O 13. Nxe6 fxe6 14. Nd2 Qd6
15. Nb3 Rad8 16. Nxc5 Qxc5 17. Rxe6 d3 18. Re3 Nb4 19. a3 Nc2 20. Rxd3 Rxd3 21.
Qxc2 Ng4 22. Bf4 Rd7 23. h4 Qd4 24. Qe2 Nf6 1/2-1/2